An Introduction to electro optic devices (Record no. 4584)

MARC details
000 -LEADER
fixed length control field 00603nam a2200205Ia 4500
003 - CONTROL NUMBER IDENTIFIER
control field IN-BaIIA
008 - FIXED-LENGTH DATA ELEMENTS--GENERAL INFORMATION
fixed length control field 211028s9999 xx 000 0 eng d
020 ## - INTERNATIONAL STANDARD BOOK NUMBER
International Standard Book Number 0-12-395050-3
040 ## - CATALOGING SOURCE
Transcribing agency IIA Library
080 ## - UNIVERSAL DECIMAL CLASSIFICATION NUMBER
Universal Decimal Classification number 535
Item number KAM
100 ## - MAIN ENTRY--PERSONAL NAME
Personal name Kaminow, Ivan P
9 (RLIN) 8073
245 #3 - TITLE STATEMENT
Title An Introduction to electro optic devices
Statement of responsibility, etc. Ivan P. Kaminow
260 ## - PUBLICATION, DISTRIBUTION, ETC.
Place of publication, distribution, etc. New York
Name of publisher, distributor, etc. Academic Press
Date of publication, distribution, etc. 1974
300 ## - PHYSICAL DESCRIPTION
Extent xiv, 409p.
650 ## - SUBJECT ADDED ENTRY--TOPICAL TERM
Topical term or geographic name entry element  Crystal optics 
9 (RLIN) 8074
650 ## - SUBJECT ADDED ENTRY--TOPICAL TERM
Topical term or geographic name entry element  Dielectrics 
9 (RLIN) 8075
650 ## - SUBJECT ADDED ENTRY--TOPICAL TERM
Topical term or geographic name entry element  Electro-optical devices
9 (RLIN) 8076
650 ## - SUBJECT ADDED ENTRY--TOPICAL TERM
Topical term or geographic name entry element Astronomy and astrophysics thesaurus 
9 (RLIN) 1143
942 ## - ADDED ENTRY ELEMENTS (KOHA)
Koha item type Books
Holdings
Withdrawn status Lost status Damaged status Not for loan Home library Current library Shelving location Date acquired Total Checkouts Full call number Barcode Date last seen Price effective from Koha item type
        IIA Library-Bangalore IIA Library-Bangalore General Stacks 17/12/1974   535/ KAM 5114 05/11/2021 17/12/1974 Books

Powered by Koha